00230nam a2200097Ia 4500008004100000100002400041245002300065260002200088942000700110999001500117190216s9999||||xx |||||||||||||| ||und|| aKrishan Warrier N V 0aVanijya Shabdavali bKerala Basha Inst cBK c4931d4931